| 000 | 00368 a2200169 4500 | ||
|---|---|---|---|
| 001 | 191257 | ||
| 020 | _a978-85-250-4477-8 | ||
| 040 | _cMagnum | ||
| 100 | _aZiraldo | ||
| 240 | 1 | 0 |
_aO japão dos brasileiros _lpor |
| 245 | 1 | 0 | _aO japão dos brasileiros |
| 300 | _a64 | ||
| 362 | 0 | _a2008 | |
| 440 | 1 | _aGlobo | |
| 697 | _aLITERATURA INFANTO-JUVENIL | ||
| 942 | _cBK | ||
| 999 |
_c191257 _d191257 |
||